Selecting consultants for the team: balancing quality and price: a report by Working Group 4 of the Construction Industry Board. (Record no. 93734)

MARC details
000 -LEADER
fixed length control field 00862cam a2200253 4500
008 - FIXED-LENGTH DATA ELEMENTS--GENERAL INFORMATION
fixed length control field 090401t1996 xxu||||| |||| 00| 0 eng d
020 ## - INTERNATIONAL STANDARD BOOK NUMBER
International Standard Book Number 0727725432
035 ## - SYSTEM CONTROL NUMBER
System control number (Sirsi) u56180
041 ## - LANGUAGE CODE
Language code of text/sound track or separate title eng
050 ## - LIBRARY OF CONGRESS CALL NUMBER
Classification number 692.8
110 ## - MAIN ENTRY--CORPORATE NAME
Corporate name or jurisdiction name as entry element Construction Industry Board
9 (RLIN) 2991
245 ## - TITLE STATEMENT
Title Selecting consultants for the team: balancing quality and price: a report by Working Group 4 of the Construction Industry Board.
260 ## - PUBLICATION, DISTRIBUTION, ETC.
Place of publication, distribution, etc. London
Name of publisher, distributor, etc. Thomas Telford Publishing
Date of publication, distribution, etc. 1996
300 ## - PHYSICAL DESCRIPTION
Extent 28p. ; 30cm.
350 ## - PRICE (NR) (BK AM CF MU VM SE) [OBSOLETE]
Price 20
490 ## - SERIES STATEMENT
Series statement Working Group
Volume/sequential designation 4
520 ## - SUMMARY, ETC.
Summary, etc. CIB was set up under the chairmanship of Sir Michael Latham to implement the recommendations of the Latham Report Constructing the Team.
650 ## - SUBJECT ADDED ENTRY--TOPICAL TERM
Topical term or geographic name entry element CONSTRUCTION INDUSTRY
650 ## - SUBJECT ADDED ENTRY--TOPICAL TERM
Topical term or geographic name entry element WG4
650 ## - SUBJECT ADDED ENTRY--TOPICAL TERM
Topical term or geographic name entry element WORKING GROUP 4
690 ## - LOCAL SUBJECT ADDED ENTRY--TOPICAL TERM (OCLC, RLIN)
Topical term or geographic name as entry element BUILT ENVIRONMENT
942 ## - ADDED ENTRY ELEMENTS (KOHA)
Suppress in OPAC 0
948 ## - LOCAL PROCESSING INFORMATION (OCLC); SERIES PART DESIGNATOR (RLIN)
c (OCLC) 04/03/1997
Holdings
Withdrawn status Lost status Source of classification or shelving scheme Damaged status Not for loan Home library Current library Shelving location Date acquired Cost, normal purchase price Total Checkouts Full call number Barcode Date last seen Date last checked out Copy number Cost, replacement price Price effective from Koha item type
    Dewey Decimal Classification     London London Folio 08/01/1997 10.63 13 F692.8 30051903 06/08/2019 28/04/2009 1 10.63 06/08/2019 Book